00831cam a2200229 a 4500003000500000005001700005008004100022010001000063011001000073020001500083035001100098040000900109082001600118111009600134245006000230260015000290300001100440650002800451650002900479700004500508710004800553CHAP20251203094732.0041013d2002 mx r 10100 spa d a88922 a89894 a9688848832 a100446 cCHAP04a338.162bF600aForo Nacional Agricultura Sostenible : enfoques y perspectivas (d2002 :cChapingo, Méx.)10aMemoriac/por María del Rocío Romero Lima (y otros) aChapingo, Méx. :bUACH.Programas Universitarios de Investigación en Agricultura Orgánica, Agricultura sustentable, Agroforestería,c2002. a132 p.14aAgricultura orgánica.14aAgricultura sustentable.10aRomero Lima, María del Rocío Leticia00aSociedad Mexicana de Agricultura Sostenible